CIEKAWOSTKI/ ZAGADKI MATEMATYCZNE - Statystyki

Ogólne statystyki
  • Ten quiz został rozwiązany 186 razy
  • Średni wynik to 8 z 15
Statystyki odpowiedzi
Hint Odpowiedź % Poprawnych
Ile wynosi liczba Pi w przybliżeniu do 2 miejsc po przecinku 3,14
96%
Trzy tygodnie i pięć dni. Ile to jest w sumie dni? 26
88%
Ile wynosi suma oczek na przeciwległych ściankach w typowej kostce do gry 7
80%
Kacper zjada w ciągu minuty 15 malin. Ile zje malin w ciągu 6 minut? 90
78%
Ania ma 6 rodzeństwa. Każde z dzieci urodziło się w odstępie 2 lat. Najmłodsza jest Julia, która ma 7 lat. Ile lat ma najstarsza z rodzeństwa - Ania? 19
77%
Dzieci zrywały w sadzie jabłka. Kasia zerwała 4 owoce, Kamil trzy razy tyle co Kasia, a Matylda o dwa jabłka mniej niż Kamil. Ile jabłek zebrali? 26
70%
Cena kury to 10 zł. Pająka wyceniono na 40 zł, a pszczołę na 30 zł. Jaka według tych zasad wyceniania będzie cena psa? 20
65%
Jeśli jajka kosztują 0,12 dolara za tuzin, to ile jajek można kupić za dolara? 100
57%
Ile wynosi suma liczb od 1 do 100 5050
39%
50° Fahrenheita to w przeliczeniu ile stopni Celsjusza 10
38%
Nazwisko włoskiego matematyka, który odkrył ciąg liczb naturalnych Fibonacci
33%
Stosunek długości przyprostokątnej leżącej naprzeciw kąta α do długości przyprostokątnej przyległej do kąta α Tangens
27%
Ile wynosi suma liczb na kole ruletki 666
22%
Kto jest autorem Paradoksu Menona Platon
4%
Jedno z podstawowych twierdzeń matematyki opracowanych przez tego matematyka dotyczy pola kwadratu zbudowanego na wysokości trójkąta prostokątnego Euklides
1%
Nie znaleziono quizów pasujących do podanych kryteriów
Rozkład punktacji
Procent ludzi z każdym wynikiem
Percentyl według liczby udzielonych odpowiedzi
Twoja historia wyników
Nie rozwiązałeś tego quizu